Tennis (Record no. 353)

MARC details
000 -LEADER
fixed length control field 00865 a2200217 4500
005 - DATE AND TIME OF LATEST TRANSACTION
control field 2008082007267.0
008 - FIXED-LENGTH DATA ELEMENTS--GENERAL INFORMATION
fixed length control field 080820t xxu||||| |||| 00| 0 eng d
010 ## - LIBRARY OF CONGRESS CONTROL NUMBER
LC control number ENG-84778
020 ## - INTERNATIONAL STANDARD BOOK NUMBER
International Standard Book Number 8175244062
Terms of availability 90.00
035 ## - SYSTEM CONTROL NUMBER
System control number EN-68311
037 ## - SOURCE OF ACQUISITION
Source of stock number/acquisition D.B.Act / Pub
082 ## - DEWEY DECIMAL CLASSIFICATION NUMBER
Classification number 796.342
245 ## - TITLE STATEMENT
Title Tennis
Statement of responsibility, etc edited and compiled by D. K. Gupta
Remainder of title skills and techniques
260 ## - PUBLICATION, DISTRIBUTION, ETC. (IMPRINT)
Place of publication, distribution, etc New Delhi
Name of publisher, distributor, etc Khel Sahitya Kendra
Date of publication, distribution, etc 2006
270 ## - ADDRESS
Address 7/26, Ansari Road, Darya Ganj,
City New Delhi
State or province Delhi
Postal code 110002
Telephone number 55190343, 42564726
Fax number 42564726
Electronic mail address khelsahitya1@rediffmail.com
300 ## - PHYSICAL DESCRIPTION
Extent 63 p.
Dimensions 21 cm (Hb)
650 ## - SUBJECT ADDED ENTRY--TOPICAL TERM
Topical term or geographic name as entry element Tennis
700 ## - ADDED ENTRY--PERSONAL NAME
Personal name Gupta, D. K.
942 ## - ADDED ENTRY ELEMENTS (KOHA)
Institution code [OBSOLETE] dpl
Koha item type English Books
Call number prefix 796.342 / TEN
Source of classification or shelving scheme Dewey Decimal Classification
Classification part 796.342
Call number suffix TEN
Holdings
Withdrawn status Lost status Damaged status Not for loan Collection code Home library Current library Date acquired Cost, normal purchase price Total Checkouts Full call number Barcode Date last seen Copy number Uniform Resource Identifier Cost, replacement price Price effective from Koha item type
      Not For Loan Non-fiction D.B.Act.Division D.B.Act.Division 20/08/2008 90.00   796.342 TEN EN-68311 15/09/2008 1 362 90.00 15/09/2008 English Books

© Delhi Public Library
Hit Counter
free hit counter